MDQL
is popping MORE tags! Check the
thread
!
Quizzes
Events
Quiz Creation
Community
Videos
Private Events
Remove Ads
Sign In
Join for FREE
Feedback
Dark Mode
Quiz Categories
Sports
Geography
Music
Movies
Television
Just For Fun
Miscellaneous
History
Literature
Language
Science
Gaming
Entertainment
Religion
Holiday
For Kids
Quiz Lab
Recent
Popular Today
Quiz Kudos Today
Editor Picks
Curator Picks
Quizzes by...
Day
Popularity
Type
Ratings
Length
Year
Community
Subscriptions
Recent Discussions
Orange Saloon
Badges
Playlists
Quests
Create
Leaderboards
Showdown
Live 5
Trivia Bingo
Activity
Puzzle Library
Sporcle Events
Private Events
Virtual Trivia
Globe League
Become a Host
Pub Owners
SporcleCon
Opinionation
Our Games
Videos
Blog
Mobile Apps
Partnerships
Remove Ads and Go Orange
Feedback
Movies
Disney
Marvel Cinematic Universe
Movie Resume
Movie Titles
Oscar
Actor
Actress
Director
Pixar
Role
Movie Quotes
Movie Characters
Box Office
Nominee
Best Picture
Star Wars
James Bond
Horror Movies
Movies
Disney
Marvel Cinematic Universe
Movie Resume
Movie Titles
Oscar
Actor
Actress
Director
Pixar
Role
Movie Quotes
Movie Characters
Box Office
Nominee
Best Picture
Star Wars
James Bond
Horror Movies
Random Quiz
Search Sporcle
×
Quiz Lab
Quiz Lab
Movies
Oscar
Select answers by clicking on text or image buttons
Select answers by clicking on text or image buttons
Clickable
Best Score? Go Orange.
Named the oscar's best films by year (clikcable) Stats
Can you pick the oscar's best movies by year?
By
rosinha
15m
94 Questions
369 Plays
369 Plays
369 Plays
Comments
Comments
Give Quiz Kudos
Give Quiz Kudos
-
- Ratings
hide this ad
Forced Order
Answers have to be entered in order
Answers have to be entered in order
Minefield
Wrong answers will end the quiz
Wrong answers will end the quiz
Replay
Link that replays current quiz
Next Quiz
Link to next quiz in quiz playlist
You Got
0%
They Got
Avg Score
20%
Avg Friend Score
Upgrade to see
Score Distribution
Jump to the score distribution portion of the page
Score
0/94
Timer
15:00
0
Plays Today
% Correct
???
30.4%
???
30.4%
???
29.8%
???
29%
???
29%
???
28.2%
???
27.9%
???
27.9%
???
27.9%
???
27.9%
???
27.9%
???
27.6%
???
27.6%
???
27.6%
???
27.4%
???
27.1%
???
27.1%
???
26.8%
???
26.6%
???
26.6%
???
26.3%
???
26.3%
???
26%
???
26%
???
25.5%
???
25.5%
???
25.2%
???
25.2%
???
24.9%
???
24.9%
???
24.9%
???
24.7%
% Correct
???
24.7%
???
24.7%
???
24.7%
???
24.4%
???
24.1%
???
23.8%
???
23.8%
???
23.6%
???
23.6%
???
23.6%
???
23.3%
???
23.3%
???
23%
???
23%
???
22.8%
???
22.8%
???
22.8%
???
22.8%
???
22.5%
???
22.5%
???
22.5%
???
22.5%
???
22.5%
???
22%
???
22%
???
21.7%
???
21.7%
???
21.4%
???
21.1%
???
21.1%
???
20.9%
???
20.9%
% Correct
???
20.9%
???
20.6%
???
20.6%
???
20.1%
???
19.8%
???
19.5%
???
19%
???
19%
???
18.7%
???
18.7%
???
18.4%
???
18.4%
???
18.2%
???
17.9%
???
17.3%
???
17.3%
???
17.1%
???
17.1%
???
14.6%
???
13.8%
???
13.3%
???
10.5%
???
10.5%
???
10.5%
???
5.3%
???
0%
???
0%
???
0%
???
0%
???
0%
Quiz Playlist
Details
Report
Send in Message
Add To Playlist
Clickable:
Select answers by clicking on text or image buttons
Forced Order:
Answers have to be entered in order
Minefield:
Wrong answers will end the quiz
Last Updated: May 29, 2022
Quiz Scoreboard
CHALLENGE
Sign Up to Join the Scoreboard
Show All
Scores
Hide
Comments
May contain spoilers
Recently Published
Colored Red Africa Blitz
by spor1
Geography
30s
Find the 'City' Movie
by crazypaving
Movies
60s
5x2 Blitz: Bands
by SL_Kpop136
Music
30s
More to Explore
Quiz From the Vault
Featured Blog Post
14 Easter Pick-up Lines to Find Eggs With
hide this ad
You Might Also Like...
Tags
Clickable Quiz
Oscar Quiz
portuguese
Today's Top Quizzes in Movies
Browse Movies
hide this ad
Today's Top Quizzes in Oscar
Browse Oscar
Top Contributed Quizzes in Movies
1
Find The 'Big' Movie
2
Find The 'Wild' Movie
3
Find The 'Blue' Movie
4
Movies By Plot
5
Pick 5 Posters: Directed by Spielberg
6
Hidden Star Wars Character II
7
Hidden Star Wars Character III
8
Hidden Star Wars Character IV
9
Alfred Hitchcock Movies by Plot
10
Hidden Star Wars Character V
Explore More
Trending Topics
Harry Potter
Disney
NBA
Marvel
Crossword
Kpop
Anime
Soccer
Country
Song
Puzzle
NFL
Pokémon
The Office
WWE
hide this ad
More By:
rosinha
Quiz
Plays
Rating
Category
Featured
Created
'I Dreamed a Dream' Lyrics
30,801
4.75
Music
May 27, 2012
Choose the actors to the right movies (clickable)
5,464
2.38
Movies
Apr 2, 2012
Guess the Lyrics (Frank Sinatra)
5,357
4.31
Music
Apr 8, 2012
Figure out the lyrics Queen V
1,957
3.09
Music
Jul 27, 2012
movies from tom cruise (clickable)
1,852
3.86
Movies
Apr 5, 2012
Go to Creator's Profile
Score Distribution
Quiz Creator Spotlight
rosinha
Follow
Send a Message
Quizzes Created
-
Created Quiz Play Count
-
More By This Creator
Popular Quizzes Today
1
Find the 'City' Movie
2
Colored Red Africa Blitz
3
5x2 Blitz: Bands
4
Find the US States - No Outlines Minefield
5
The Countries of the World
6
Find the US States
7
9x9 Crossword: Cartoon Network
8
US States
More Movies Quizzes
Missing Presidents in Movie Titles
Published
Trending Quizzes
Colored Red Europe Blitz I
Colored Red Africa Blitz II
Colored Red Africa Blitz III
Colored Red Europe Blitz III
Colored Red Europe Blitz II
Recently Updated
Champions League XIs: Real Madrid
pecheneg
Largest US Cities 1790-2010
pecheneg
Rides in Walt Disney World
pecheneg
Most Oscar Losses (Acting)
pecheneg
Beyoncé Albums
pecheneg
Leaping Animals
pecheneg
Reality TV Shows (A-Z)
bhenderson79
Rickey Henderson's Hall of Fame Teammates
pecheneg
Champions League XIs: Arsenal
pecheneg
Quick Pick: Celebrities in WWE's Hall of Fame
aduchscher
Trending Topics
Harry Potter
Marvel
Anime
Disney
Crossword
NBA
Kpop
The Office
Pokémon
Country
Puzzle
WWE
Soccer
NFL
Song
Your Account Isn't Verified!
In order to create a playlist on Sporcle, you need to verify the email address you used during registration. Go to your
Sporcle Settings
to finish the process.
Report this User
Report this user for behavior that violates our
Community Guidelines
.
Details:
Send Report
Go to the Sporcle.com Mobile Site →
Comments